| 000 | 02402nam0a2200421 4500 | ||
|---|---|---|---|
| 001 | RU\NLR\bibl\879321 | ||
| 005 | 20260405081851.0 | ||
| 010 |
_a5-17-033392-7 _bАСТ |
||
| 010 |
_a985-13-4869-4 _bХарвест _910100 |
||
| 021 |
_aRU _b2005-72252 _93557 |
||
| 035 | _a(NLR Aleph) 000867900 | ||
| 090 |
_a1580951 _c1580951 |
||
| 100 | _a20051125d2005 |||y0rusy50 ca | ||
| 101 | 0 | _arus | |
| 102 |
_aRU _aBY |
||
| 105 | _ay ||||||||| | ||
| 200 | 1 |
_aЧайный гриб, мед, прополис, мумие и другие целебные средства в домашней энциклопедии _eцелительная природа _e[+ 140 рецептов] _f[авт.-сост. Любовь Смирнова] |
|
| 210 |
_aМосква _cАСТ _aМинск _cХарвест _d2005 |
||
| 215 |
_a463 с. _d27 |
||
| 300 | _aВ вып. дан. и макете: Целительная природа: чайный гриб, мед, прополис, мумие и другие целебные средства в домашней энциклопедии | ||
| 300 | _aЗагл. колонтит.: Целительные природные средства | ||
| 515 | 0 | _aЦелительные природные средства | |
| 517 | 0 |
_aЦелительная природа _eчайный гриб, мед, прополис, мумие и другие целебные средства в домашней энциклопедии |
|
| 606 | 1 |
_aПрополис _jПопулярные издания _xЛечебное применение _91771657 _3RU\NLR\AUTH\66795614 |
|
| 606 | 1 |
_aГидротерапия _jПопулярные издания _91311566 _3RU\NLR\AUTH\66227542 |
|
| 606 | 1 |
_aЧайный гриб _jПопулярные издания _xЛечебное применение _91859774 _3RU\NLR\auth\66843481 |
|
| 606 | 1 |
_aМед _jСправочники _xЛечебное применение _91016629 _3RU\NLR\AUTH\6670161 |
|
| 686 | _aР354.41я9 | ||
| 686 | _aР282.111 Чайный гриб | ||
| 686 | _aР281.770-6я9 | ||
| 686 | _aР351.122я9 | ||
| 702 | 1 |
_4220 _8rus _7ca _aСмирнова _bЛ. _cпопуляризатор _gЛюбовь _3RU\NLR\auth\7728672 _911703 |
|
| 801 | 0 |
_aRU _bNLR _c20051125 _grcr |
|
| 801 | 1 |
_aRU _bNLR _c20051125 |
|
| 942 | _cBOOK | ||
| 980 | _aNB | ||